Serbske towarstwa mjez 1937 a 1940
| Titel: | Serbske towarstwa mjez 1937 a 1940 : Slědźerski staw a rozhlad po dalšich žórłach |
|---|---|
| Verfasser: | |
| In: |
Rozhlad, Band 42, Heft 10 (1992), Seite 368-370 alle Artikel anzeigen |
| Veröffentlicht: | 1992 |
| Format: | Aufsatz |
| Sprache: | Sorbisch |
X
alg: 39466617 001A $01999:12-11-16 001B $03025:08-03-24 $t14:54:37.000 001D $01999:12-11-16 001U $0utf8 001X $00 002@ $0Aox 003@ $0394666178 007A $0394666178 $aHEB 007T $0Herdww001264 010@ $awen 011@ $a1992 021A $aSerbske towarstwa mjez 1937 a 1940 $dSlědźerski staw a rozhlad po dalšich žórłach 028A $#Musiat, Zygmunt $71089144202 $8Musiat, Siegmund$Z1930-2017 [Tp1] $9374353212 031A $d42 $e10 $h368-370 $j1992 039B $aIn $8--Abvc--. Rozhlad. - Bautzen : Domowina, 1950-. - ISSN 0557-4250 $x199200000420010632 $9047452528 lok: 39466617 78 exp: 39466617 78 1 #EPN 201B/01 $020-05-19 $t22:53:20.000 201U/01 $0utf8 203@/01 $0790776669 208@/01 $a12-11-16 $be 209A/01 $a/ $f000 $x00 220C/01 $aTitelaufnehmer: TJ 244Z/01 $2Trx $#Silesia $#Śląsk $#Sliezsko $#Slezsko $8--Trx--Schlesien $x01 $9391173987 244Z/01 $#Nördliche Lausitz $#Lausitz, Nord $#Markgrafthum Nieder-Lausitz $#Niederlausitz, Landes-Versammlung $#Landes-Versammlung Niederlausitz $#Markgraftum Niederlausitz $#Dolne Łużyce $74042205-7 $8--Tg1--Niederlausitz $x02 $908511653X 244Z/01 $#Lausitz, Süd $#Südliche Lausitz $#Górne Łużyce $74042942-8 $8--Tg1--Oberlausitz $x03 $9085119431 244Z/01 $aGeschichte 1937-1940 $x04 244Z/01 $2Trx $#assotsiatsioonid, kohalikud $#regioninės draugijos $#Associations, regional $#társaságok, regionális $#towarzystwa regionalne $#spoločnosti, regionálne $#společnosti regionální $8--Trx--Gesellschaften, regionale $x05 $9391368192 244Z/01 $2Trx $8--Trx--Zeitschriftenaufsatz $x06 $9391384341 247C/01 $82080>Marburg/Lahn, Herder-Institut, Forschungsbibliothek, Bibliographieportal $9336309341
| LEADER | 00000caa a22000002c 4500 | ||
|---|---|---|---|
| 001 | 394666178 | ||
| 003 | DE-603 | ||
| 005 | 20240308145437.0 | ||
| 007 | tu | ||
| 008 | 161112s1992 xx |||| | u00||u|wen c | ||
| 035 | |a (DE-599)HEB394666178 | ||
| 040 | |a DE-603 |b ger |c DE-603 |d DE-603 | ||
| 041 | |a wen | ||
| 100 | 1 | |a Musiat, Siegmund |d 1930-2017 |0 (DE-603)374353212 |0 (DE-588)1089144202 |2 gnd | |
| 245 | 0 | 0 | |a Serbske towarstwa mjez 1937 a 1940 |b Slědźerski staw a rozhlad po dalšich žórłach |
| 264 | 0 | |c 1992 | |
| 773 | 0 | 8 | |i In |t Rozhlad |d Bautzen : Domowina, 1950- |h 24 cm |x 0557-4250 |g Band 42, Heft 10 (1992), Seite 368-370 |w (DE-603)047452528 |w (DE-600)280835-3 |
| 924 | 0 | |9 2080 |a (DE-603)790776669 |b DE-2080 |c HES |d d |g / | |


